000 00198 a2200097 4500
001 17968
100 _aArcher, J
245 _aHochi Minh
260 _a
_bCollier Macmillan
_c
090 _c13274
_d13274
942 _aNUST-CAE
_cM
_c3641
999 _c253041
_d253041